| 000 | 00375nam a22001577a 4500 | ||
|---|---|---|---|
| 003 | SGT | ||
| 020 | _a98-93-83420-54-4 | ||
| 082 |
_a614.1 _bF15K |
||
| 100 | _aKARMAKAR, RABINDRA NATH | ||
| 245 | _aFORENSIC MEDICINE UNDER INDIAN SYSTEM OF MEDICINE | ||
| 250 | _a5TH | ||
| 260 |
_aKOLKATA _bACADEMIC PUB. _c2015 |
||
| 300 | _a603 | ||
| 650 | _aAYURVEDA | ||
| 942 |
_2ddc _cBK _09 |
||
| 999 |
_c11637 _d11637 |
||